000
00250nam a2200109Ia 4500
008
220204s9999 xx 000 0 und d
082
_a
336.71
_b
PAR
100
_a
PARKER, J B
245
0
_a
Banking
260
_a
London
_b
Richard Clay
_c
1970
942
_c
BK
999
_c
24208
_d
24208